| 000 | 01001cab a22002655a 4500 | ||
|---|---|---|---|
| 001 | L151241 | ||
| 008 | 101011s2010 xxk 000 0 eng d | ||
| 035 | _a(Sirsi) u151241 | ||
| 041 | 0 | _aeng | |
| 100 | 1 | _aPamplin, Chris | |
| 245 | 0 | 0 | _aTime to jump? |
| 260 | _c2010 | ||
| 490 |
_aNew Law Journal _v160(7434) 24 September 2010, 1302-1303(2) |
||
| 520 | _aQuestions the future of expert witness immunity in the light of an appeal to the Supreme Court due early 2010 in "Jones v Kaney" [2010] EWHC 61 (QB). Describes immunity with reference to case law. | ||
| 590 | _aKA | ||
| 650 | 2 | 4 | _aJONES V KANEY |
| 650 | 2 | 4 | _aMARRINAN V VIBART |
| 650 | 2 | 4 | _aSTANTON V CALLAGHAN |
| 650 | 2 | 4 | _aARTHUR J S HALL AND CO V SIMONS |
| 650 | 2 | 4 | _aMEADOW V GENERAL MEDICAL COUNCIL |
| 650 | 2 | 4 | _aGENERAL MEDICAL COUNCIL V MEADOW AND ANOTHER |
| 651 | 4 |
_aUnited Kingdom _y |
|
| 690 | _aMANAGEMENT-DISPUTE AVOIDANCE, MANAGEMENT AND RESOLUTION-DISPUTE MANAGEMENT AND RESOLUTION-EXPERT WITNESSES | ||
| 942 | _n0 | ||
| 999 |
_c82738 _d82738 |
||